20 najbardziej imponujących panoram - Statystyki

Ogólne statystyki
  • Ten quiz został rozwiązany 1 679 razy
  • Średni wynik to 11 z 20
Statystyki odpowiedzi
Ranga Miasto % Poprawnych
4 Nowy Jork
95%
10 Paryż
89%
14 Londyn
87%
11 Tokio
87%
17 Los Angeles
82%
13 Rio de Janeiro
75%
12 Sydney
71%
3 Dubaj
63%
2 Szanghaj
60%
7 Chicago
55%
15 Seul
54%
18 San Francisco
50%
1 Hongkong
49%
6 Toronto
49%
8 Singapur
48%
19 Bangkok
41%
5 Kuala Lumpur
37%
9 Seattle
24%
20 Vancouver
22%
16 Shenzhen
8%
Nie znaleziono quizów pasujących do podanych kryteriów
Rozkład punktacji
Procent ludzi z każdym wynikiem
Percentyl według liczby udzielonych odpowiedzi
Twoja historia wyników
Nie rozwiązałeś tego quizu